Statistics for 伊予〇〇駅

Click here to take the quiz!

General Stats

  • This quiz has been taken 14 times
  • The average score is 12 of 24

Answer Stats

Answer% Correct
大洲
85%
三島
85%
西条
77%
北条
69%
長浜
69%
吉田
62%
土居
62%
寒川
54%
平野
54%
氷見
46%
白滝
46%
上灘
46%
桜井
46%
出石
46%
和気
46%
小松
38%
亀岡
38%
大平
38%
三芳
38%
横田
38%
立川
31%
富田
31%
中山
31%
石城
31%

Score Distribution

Percentile by Number Answered

Percent of People with Each Score

Your Score History

You have not taken this quiz